Countries that Haven't had Civil Wars - Statistics

General Stats
  • This quiz has been taken 529 times
    477 since last reset
  • The average score is 16 of 47
Answer Stats
Country % Correct
Canada
76%
Australia
75%
New Zealand
69%
Iceland
52%
Vatican City
52%
Liechtenstein
49%
San Marino
48%
Fiji
45%
Luxembourg
45%
Barbados
44%
Saint Kitts and Nevis
43%
Saint Lucia
43%
Monaco
42%
Saint Vincent and the Grenadines
42%
Antigua and Barbuda
41%
Bahamas
41%
Tonga
40%
Solomon Islands
38%
Tuvalu
38%
Dominica
37%
Malta
37%
Bahrain
36%
Marshall Islands
36%
Palau
36%
Seychelles
33%
United Arab Emirates
32%
Lesotho
30%
Belize
29%
Comoros
29%
Kuwait
29%
Cape Verde
27%
Eswatini
27%
Sao Tome and Principe
27%
Armenia
23%
Madagascar
23%
Belarus
20%
Botswana
18%
Togo
18%
Kenya
14%
Malawi
14%
Honduras
12%
Tanzania
12%
Gabon
11%
Turkmenistan
11%
Equatorial Guinea
10%
Mauritania
10%
Burkina Faso
7%
No matching quizzes found
Score Distribution
Percent of People with Each Score
Percentile by Number Answered
Your Score History
You have not taken this quiz since the last reset